000 01091cam a22003377a 4500
003 CHAP
005 20220817041359.0
008 971013s1986 r 00010 d
010 _a12780
011 _a13752
035 _a17824
040 _cCHAP
090 _aFolleto 10274
100 0 0 _aCasado Cimiano, Pedro.
_919726
245 0 _aMamitis y calidad de la leche
260 _aMadrid :
_bMinisterio de Agricultura, Pesca y Alimentación,
_c1986
300 _a20 p.
_b: ilus.
490 0 _aHojas divulgadoras
_v; 2/86
590 _aBATCH-UPD
_b10
_c20130110
_lUCH01
_h1725
590 _aBATCH-UPD
_b10
_c20130410
_lUCH01
_h1107
590 _aBATCH-UPD
_b10
_c20130914
_lUCH01
_h1525
590 _aCONVERSION
_b10
_c20130109
_lUCH01
_h1308
650 1 4 _aGanado vacuno
_xEnfermedades.
_945460
650 1 4 _aLeche
_xCalidad.
_965362
700 0 _aGarcía Alvarez, Juan A.
_945707
830 0 _aHojas divulgadoras
_v; 2/86
901 _aBK
942 _cFOLL
949 _aFolleto 10274
_bBC
_cFOLL
_d-41788
_eTS1
_i17824
_mD
_si
949 _aFolleto 10274
_bBC
_cFOLL
_d-41789
_eTS2
_fc.2
_i17824
_mD
_si
999 _c12780
_d12780